| 000 | 01134nam a2200349 i 4500 | ||
|---|---|---|---|
| 001 | 16032 | ||
| 003 | ES-MaACL | ||
| 005 | 20251225063012.0 | ||
| 007 | t| | ||
| 008 | 000617s2000 sp ||||0| spa j | ||
| 016 | 7 | _zSAB9000066575 | |
| 020 | _a84-85081-95-1 | ||
| 040 |
_aM-BN-DP _bspa _cM-BN-DP |
||
| 080 | _a616.895.8 | ||
| 080 | _a330.342.14 | ||
| 100 | 0 |
_aDeleuze, Gilles, _d1925-1995 _943377 |
|
| 245 | 1 | 0 |
_aMil mesetas _b: capitalismo y esquizofrenia / _cGilles Deleuze, Félix Guattari ; traducción de José Vázquez Pérez, con la colaboración de Umbelina Larraceleta. |
| 250 | _a4ª ed. | ||
| 260 |
_aValencia : _bPre-Textos, _c2000. |
||
| 300 |
_a522 p. : _bil. ; _c25 cm. |
||
| 490 | 1 |
_aPre-textos. Ensayo ; _v94 |
|
| 500 | _aIndices. | ||
| 504 | _aBibliografía. | ||
| 650 | 1 | 4 |
_aEsquizofrenia. _912510 |
| 650 | 1 | 4 |
_aCapitalismo. _910760 |
| 700 | 1 |
_aGuattari, Félix. _960370 |
|
| 700 | 1 |
_aVázquez Pérez, José. _9113470 |
|
| 700 | 1 |
_aLarraceleta, Umbelina. _970292 |
|
| 830 | 0 |
_aPre-textos. Ensayo ; _v94 _9179721 |
|
| 852 |
_aES-MaACL _jL-23275 _bR.128829 |
||
| 999 |
_c16032 _d16032 |
||